000 00446nam a2200181Ia 4500
001 9046
005 20260306160654.0
008 260306t1975||||xx |||||||||||||| ||spa||
041 _aESP
082 _a372.4
_bS22
100 _aSánchez, Benjamín,
_eAUT
245 0 _aLectura :
_bdiagnóstico, enseñanza y recuperación
260 _c1975
300 _a123 páginas :
_c23 cm.
650 _aGEN
654 _aCED
942 _cREV
_dJUS
_fJUS
_2ddc
_n
999 _c9046
_d9046